000 00740nas a2200241 4500
001 BR8903182
003 BR-BrBNA
005 20231205091621.0
007 ta
008 230509b bl.|||p| |||| 00| 00por d
040 _aBR-BrBNA
_bpor
_cBiblioteca Nacional de Agricultura
041 _a(Pt)
072 _aF30
100 1 _aCatapan, M.I.S.
100 1 _aNunes, R.M.R.
100 1 _aBaier, A.C.
245 1 _aHeranca da cor da flor e da quilha, do teor de alcaloides e do ciclo em tremoco (Lupinus spp.)
650 _aTREMOCO
650 _aHEREDITARIEDADE
773 0 _tCiencia e Cultura (Brazil)
_xISSN 0009-6725
_g(Dec 1988), v. 40(12) p. 1191-1194
_wBR8903182
909 _a202311
_bLúcia
_c55
_dLúcia Elande
942 _2AGRIS
_n0
_cANA
999 _c126207
_d126207